[Event "Palmira op"]
[Site "Palmira"]
[Date "2018.09.22"]
[Round "4"]
[White "Villafane Sanchez, Fabio Andres"]
[Black "Oliveros, Camilo"]
[Result "0-1"]
[WhiteElo "1827"]
[BlackElo "2195"]
[PlyCount "38"]
[EventDate "2018.09.20"]
[EventType "swiss"]
[EventRounds "7"]
[EventCountry "COL"]
[SourceTitle "CBM 187 Extra"]
[Source "ChessBase"]
[SourceDate "2018.11.04"]
[SourceVersion "1"]
[SourceVersionDate "2018.11.04"]
[SourceQuality "1"]

1. e4 e5 2. Bc4 Bc5 3. Nf3 Nc6 4. b4 Bxb4 5. c3 Ba5 6. d4 exd4 7. 0-0 d6 8. cxd4 Nf6 9. e5 dxe5 10. Ba3 Be6 11. Bb5 Qd5 12. Qa4 Nd7 13. dxe5 Nb6 14. Qxa5 0-0-0 15. Nc3 Nxa5 16. Nxd5 Rxd5 17. Be2 Nac4 18. Bb4 Nxe5 19. Ng5 Nc6 0-1

[Event "Palmira op"]
[Site "Palmira"]
[Date "2018.09.21"]
[Round "3"]
[White "Lopez Rayo, Isabella"]
[Black "Villafane Sanchez, Fabio Andres"]
[Result "0-1"]
[WhiteElo "1484"]
[BlackElo "1827"]
[PlyCount "56"]
[EventDate "2018.09.20"]
[EventType "swiss"]
[EventRounds "7"]
[EventCountry "COL"]
[SourceTitle "CBM 187 Extra"]
[Source "ChessBase"]
[SourceDate "2018.11.04"]
[SourceVersion "1"]
[SourceVersionDate "2018.11.04"]
[SourceQuality "1"]

1. e4 d6 2. d4 e5 3. d5 f5 4. Nc3 Nf6 5. Bg5 Be7 6. f3 Nxd5 7. Qxd5 Bxg5 8. Bc4 Qe7 9. exf5 c6 10. Qd3 d5 11. Bb3 0-0 12. g4 Bh4+ 13. Kd1 Nd7 14. Nh3 Nc5 15. Qe3 Nxb3 16. axb3 d4 17. Qd3 dxc3 18. Qc4+ Kh8 19. Qxc3 e4 20. Kc1 e3 21. Kb1 Bf6 22. Qd3 Rd8 23. Qc4 b5 24. Qf1 e2 25. Qg2 e1Q+ 26. Rxe1 Qxe1+ 27. Ka2 Qa5+ 28. Kb1 Rd1# 0-1

[Event "COL-ch Amateur U1700"]
[Site "Bogota"]
[Date "2017.03.05"]
[Round "6"]
[White "Villafane Sanchez, Fabio Andres"]
[Black "Marin Palma, Jesus Alberto"]
[Result "1-0"]
[WhiteElo "1579"]
[BlackElo "1610"]
[PlyCount "69"]
[EventDate "2017.03.02"]
[EventType "swiss"]
[EventRounds "7"]
[EventCountry "COL"]
[SourceTitle "CBM 177 Extra"]
[Source "ChessBase"]
[SourceDate "2017.04.27"]
[SourceVersion "1"]
[SourceVersionDate "2017.04.27"]
[SourceQuality "1"]

1. e4 e5 2. Bc4 c6 3. d4 d5 4. exd5 cxd5 5. Bb5+ Bd7 6. Bxd7+ Nxd7 7. Nc3 Bb4 8. Nge2 Ngf6 9. 0-0 0-0 10. Bg5 Qb6 11. Bxf6 gxf6 12. Nxd5 Qd6 13. Nxb4 Qxb4 14. Ng3 Qxd4 15. Qxd4 exd4 16. Rad1 Ne5 17. Rxd4 Rfd8 18. Rfd1 Rxd4 19. Rxd4 Kg7 20. f4 Nc6 21. Rd7 Rd8 22. Nf5+ Kf8 23. Rxd8+ Nxd8 24. Nd6 b6 25. Kf2 Ke7 26. Nc8+ Kd7 27. Nxa7 Ne6 28. Ke3 Nc7 29. c4 Kd6 30. Nb5+ Nxb5 31. cxb5 Kc5 32. Ke4 Kd6 33. Kf5 Ke7 34. g4 h6 35. h4 1-0

[Event "Medellin Flores op 22nd"]
[Site "Medellin"]
[Date "2015.08.08"]
[Round "7"]
[White "Villafane Sanchez, Fabio Andres"]
[Black "Rosado Perez, Maria Jose"]
[Result "1-0"]
[WhiteElo "1687"]
[BlackElo "1691"]
[PlyCount "31"]
[EventDate "2015.08.05"]
[EventType "swiss"]
[EventRounds "9"]
[EventCountry "COL"]
[SourceTitle "EXT 2016"]
[Source "ChessBase"]
[SourceDate "2015.10.08"]
[SourceVersion "1"]
[SourceVersionDate "2015.10.08"]
[SourceQuality "1"]

1. e4 c5 2. Nc3 Nc6 3. f4 e6 4. Nf3 d5 5. Bb5 a6 6. Bxc6+ bxc6 7. 0-0 Be7 8. d3 Rb8 9. Qe1 g6 10. f5 exf5 11. exf5 Bxf5 12. Ne5 Qc8 13. Nxc6 Qxc6 14. Qe5 Qd6 15. Qxh8 Kd7 16. Bf4 1-0

[Event "Medellin Flores op 22nd"]
[Site "Medellin"]
[Date "2015.08.06"]
[Round "2"]
[White "Villafane Sanchez, Fabio Andres"]
[Black "Gomez Guardo, Cristian"]
[Result "0-1"]
[WhiteElo "1687"]
[BlackElo "1899"]
[PlyCount "46"]
[EventDate "2015.08.05"]
[EventType "swiss"]
[EventRounds "9"]
[EventCountry "COL"]
[SourceTitle "EXT 2016"]
[Source "ChessBase"]
[SourceDate "2015.10.08"]
[SourceVersion "1"]
[SourceVersionDate "2015.10.08"]
[SourceQuality "1"]

1. e4 d6 2. Nc3 Nf6 3. f4 Nbd7 4. Nf3 g6 5. Bc4 Nb6 6. Bb3 Bg7 7. 0-0 0-0 8. f5 gxf5 9. d3 fxe4 10. dxe4 Bg4 11. Qe1 c5 12. a4 c4 13. Ba2 d5 14. a5 dxe4 15. Ng5 Nbd5 16. Qh4 Nxc3 17. Rxf6 Qd4+ 18. Be3 Qxe3+ 19. Rf2 Ne2+ 20. Kf1 h5 21. Bxc4 Bd4 22. Nxe4 Qxe4 23. Qg5+ Kh8 0-1